[Event "7. LGA Premium Cup"]
[Site "Nürnberg"]
[Date "2010.09.05"]
[Round "7.87"]
[White "Anicic, Dragan"]
[Black "Myagkov, Kirill"]
[Result "0-1"]
[WhiteElo "1468"]
[BlackElo "1795"]
[PlyCount "64"]
[EventDate "2010.09.02"]
[WhiteTeam "SC Noris-Tarrasch Nürnberg 1873"]
[BlackTeam "SC Noris-Tarrasch Nürnberg 1873"]

1. d4 d5 2. c4 e6 3. Nf3 Nf6 4. g3 c6 5. Bg2 dxc4 6. Ne5 Bb4+ 7. Bd2 Bxd2+ 8.
Qxd2 Nbd7 9. Nxc4 Nb6 10. Ne5 Nfd7 11. Nxd7 Bxd7 12. Nc3 Nc4 13. Qf4 Qf6 14.
Qc7 Bc8 15. Bxc6+ Kf8 16. Bxb7 Bxb7 17. Qxb7 Rd8 18. Qb4+ Nd6 19. O-O Kg8 20.
Qc5 h5 21. Qe5 Qg6 22. h4 Nf5 23. Kh2 Kh7 24. e3 f6 25. Qc7 Qg4 26. f3 Qg6 27.
Qf4 e5 28. dxe5 fxe5 29. Qxe5 Rhf8 30. Rad1 Rde8 31. Qf4 Nxe3 32. Qc7 Qc2+ 0-1

[Event "7. LGA Premium Cup"]
[Site "Nürnberg"]
[Date "2010.09.05"]
[Round "7.88"]
[White "Schweisgut, Jens"]
[Black "Zeug, Klaus-Peter"]
[Result "1-0"]
[WhiteElo "1790"]
[BlackElo "1440"]
[PlyCount "37"]
[EventDate "2010.09.02"]
[WhiteTeam "SV Alsfeld"]
[BlackTeam "SK Nürnberg 1911 e.V."]

1. e4 e5 2. d4 exd4 3. c3 d5 4. Qxd4 dxe4 5. Qxe4+ Qe7 6. Qxe7+ Bxe7 7. Bf4 Bd6
8. Bxd6 cxd6 9. Na3 a6 10. Nc4 Nd7 11. Nxd6+ Kf8 12. Nf3 f6 13. Bc4 Nh6 14. O-O
b5 15. Bd5 Rb8 16. Rfe1 Ne5 17. Nxe5 fxe5 18. Rxe5 Bd7 19. Rae1 1-0

[Event "7. LGA Premium Cup"]
[Site "Nürnberg"]
[Date "2010.09.05"]
[Round "7.89"]
[White "Homfeldt, Maren"]
[Black "Strobl, Helmut"]
[Result "0-1"]
[WhiteElo "785"]
[BlackElo "1789"]
[PlyCount "56"]
[EventDate "2010.09.02"]
[WhiteTeam "SC Noris-Tarrasch Nürnberg 1873"]
[BlackTeam "SK Mering"]

1. d4 d5 2. e3 Nf6 3. f4 Bf5 4. c3 e6 5. Nf3 c5 6. Bd3 Bxd3 7. Qxd3 c4 8. Qe2
Nc6 9. Ne5 Nxe5 10. fxe5 Ne4 11. O-O Be7 12. Nd2 Ng5 13. e4 O-O 14. exd5 exd5
15. Nf3 Ne4 16. Qe3 Qb6 17. Qf4 Qg6 18. Nh4 Qh5 19. Nf3 Rac8 20. Bd2 Rc6 21. g3
Rg6 22. Kg2 Rg4 23. Qxg4 Qxg4 24. Be1 h5 25. h4 Rc8 26. Rh1 Rc6 27. Rh3 Rg6 28.
Nd2 Qe2+ 0-1

[Event "7. LGA Premium Cup"]
[Site "Nürnberg"]
[Date "2010.09.05"]
[Round "7.90"]
[White "Krawczyk, Harald"]
[Black "Dreiseitel, Ursula"]
[Result "1-0"]
[WhiteElo "1723"]
[BlackElo "1533"]
[PlyCount "27"]
[EventDate "2010.09.02"]
[WhiteTeam "SV Rot-Weiß Neuenhagen"]
[BlackTeam "SC Noris-Tarrasch Nürnberg 1873"]

1. e4 d6 2. d4 g6 3. Nf3 Bg7 4. Be2 Nd7 5. c3 e5 6. Be3 f5 7. exf5 gxf5 8. dxe5
dxe5 9. Na3 b6 10. Qd5 Rb8 11. O-O-O Ne7 12. Qe6 f4 13. Ng5 Rf8 14. Bh5+ 1-0

[Event "7. LGA Premium Cup"]
[Site "Nürnberg"]
[Date "2010.09.05"]
[Round "7.91"]
[White "Belich, Maxim"]
[Black "Kurz, Leonhard"]
[Result "0-1"]
[WhiteElo "1591"]
[BlackElo "1599"]
[PlyCount "52"]
[EventDate "2010.09.02"]
[WhiteTeam "SW Nürnberg Süd e.V."]
[BlackTeam "SK Nürnberg 1911 e.V."]

1. e4 c5 2. Nf3 d6 3. d4 cxd4 4. Nxd4 Nc6 5. Nc3 Nf6 6. f3 Bd7 7. Be3 a6 8. Qd2
e6 9. a3 Be7 10. Bc4 Rc8 11. Ba2 O-O 12. O-O b5 13. Nce2 Ne5 14. Bg5 Nxe4 15.
fxe4 Bxg5 16. Qb4 Be3+ 17. Kh1 Ng4 18. g3 e5 19. Nf5 Bxf5 20. exf5 Rxc2 21.
Qxg4 Qa8+ 22. Rf3 Rxe2 23. Rd1 Rc8 24. Bd5 Qxd5 25. Rdf1 Rcc2 26. Qh4 f6 0-1